000 00545nam a22001931 4500
001 bimo0001041986
003 OSt
005 20130824111201.0
008 900725s1972 sp spa
040 _aSpMaBN
_cBMC
082 _a922.2 Patrocinio, Sor
100 _aJarnés, Benjamín
_d1888-1949
_9755
245 1 0 _aSor Patrocinio
_b: la monja de las llagas
_cBenjamín Jarnés
260 0 _aMadrid
_bEspasa-Calpe
_c1972
300 _a223 p.
_c18 cm
490 0 _aAustral
_v1497
600 0 4 _91073
_aPatrocinio
_cSor
_d1811-1891
942 _2ddc
_cBK
999 _c750
_d750